000 00585nam a2200205 i 4500
001 144140
003 ES-MaACL
005 20230906200943.0
007 t|
008 070214s1968 sp |||| | spa d
080 _a177-053.7
100 1 _aSieber, Ernst.
_9149544
245 1 0 _aCristianos a medias y gamberros /
_cErnst Sieber, Werner Fritschi ; traducción de Diorki.
260 _aMadrid :
_bStudium,
_c1968.
300 _a79 p. ;
_c18 cm.
650 4 _aDelincuencia.
_911551
700 1 _aFritschi, Werner.
_952695
710 2 _aDiorki.
_93392
852 _aES-MaACL
_jC-37192
999 _c144140
_d144140